<?xml version="1.0" encoding="UTF-8"?>
<record
    xmlns:xsi="http://www.w3.org/2001/XMLSchema-instance"
    xsi:schemaLocation="http://www.loc.gov/MARC21/slim http://www.loc.gov/standards/marcxml/schema/MARC21slim.xsd"
    xmlns="http://www.loc.gov/MARC21/slim">

  <leader>00761nam a22001577a 4500</leader>
  <controlfield tag="003">OSt</controlfield>
  <controlfield tag="005">20160630152845.0</controlfield>
  <controlfield tag="008">160630b        xxu||||| |||| 00| 0 eng d</controlfield>
  <datafield tag="040" ind1=" " ind2=" ">
    <subfield code="c">RUA</subfield>
  </datafield>
  <datafield tag="082" ind1=" " ind2=" ">
    <subfield code="a">AED SOK 2014 B490 Or.1</subfield>
  </datafield>
  <datafield tag="100" ind1=" " ind2=" ">
    <subfield code="9">8583</subfield>
    <subfield code="a">SOK SEYHA;</subfield>
  </datafield>
  <datafield tag="245" ind1=" " ind2=" ">
    <subfield code="a">The study on economic efficiency of dry season  rice production in roung damrei commune, ba phnom district, prey veng  province; &#x1780;&#x17B6;&#x179A;&#x179F;&#x17B7;&#x1780;&#x17D2;&#x179F;&#x17B6;&#x17A2;&#x17C6;&#x1796;&#x17B8;&#x1794;&#x17D2;&#x179A;&#x179F;&#x17B7;&#x1791;&#x17D2;&#x1792;&#x1797;&#x17B6;&#x1796;&#x179F;&#x17C1;&#x178A;&#x17D2;&#x178B;&#x1780;&#x17B7;&#x1785;&#x17D2;&#x1785;&#x1793;&#x17C3;&#x1795;&#x179B;&#x17B7;&#x178F;&#x1780;&#x1798;&#x17D2;&#x1798;&#x179F;&#x17D2;&#x179A;&#x17BC;&#x179C;&#x1794;&#x17D2;&#x179A;&#x17B6;&#x17C6;&#x1784;&#x1793;&#x17C5;&#x1783;&#x17BB;&#x17C6;&#x179A;&#x17C4;&#x1784;&#x178A;&#x17C6;&#x179A;&#x17B8; &#x179F;&#x17D2;&#x179A;&#x17BB;&#x1780;&#x1794;&#x17B6;&#x1797;&#x17D2;&#x1793;&#x17C6; &#x1781;&#x17C1;&#x178F;&#x17D2;&#x178F;&#x1796;&#x17D2;&#x179A;&#x17C3;&#x179C;&#x17C2;&#x1784;</subfield>
  </datafield>
  <datafield tag="260" ind1=" " ind2=" ">
    <subfield code="a">Phnom Penh</subfield>
    <subfield code="b">RUA</subfield>
    <subfield code="c">2014</subfield>
  </datafield>
  <datafield tag="300" ind1=" " ind2=" ">
    <subfield code="a">x; 52p.</subfield>
    <subfield code="b">ill.</subfield>
    <subfield code="c">29cm.</subfield>
  </datafield>
  <datafield tag="942" ind1=" " ind2=" ">
    <subfield code="2">ddc</subfield>
    <subfield code="c">AED</subfield>
  </datafield>
  <datafield tag="999" ind1=" " ind2=" ">
    <subfield code="c">8225</subfield>
    <subfield code="d">8225</subfield>
  </datafield>
  <datafield tag="952" ind1=" " ind2=" ">
    <subfield code="0">0</subfield>
    <subfield code="1">0</subfield>
    <subfield code="2">ddc</subfield>
    <subfield code="4">0</subfield>
    <subfield code="6">AED_SOK_2014_000000000000000_B490_OR_1</subfield>
    <subfield code="7">0</subfield>
    <subfield code="9">47114</subfield>
    <subfield code="a">LBB</subfield>
    <subfield code="b">LBB</subfield>
    <subfield code="c">B490</subfield>
    <subfield code="d">2016-06-30</subfield>
    <subfield code="o">AED SOK 2014 B490 Or.1</subfield>
    <subfield code="p">RUA058964</subfield>
    <subfield code="r">2016-06-30</subfield>
    <subfield code="w">2016-06-30</subfield>
    <subfield code="y">AED</subfield>
  </datafield>
  <datafield tag="952" ind1=" " ind2=" ">
    <subfield code="0">0</subfield>
    <subfield code="1">0</subfield>
    <subfield code="2">ddc</subfield>
    <subfield code="4">0</subfield>
    <subfield code="6">AED_SOK_2014_000000000000000_B490_OR_2</subfield>
    <subfield code="7">0</subfield>
    <subfield code="9">47115</subfield>
    <subfield code="a">LBB</subfield>
    <subfield code="b">LBB</subfield>
    <subfield code="c">B490</subfield>
    <subfield code="d">2016-06-30</subfield>
    <subfield code="o">AED SOK 2014 B490 Or.2</subfield>
    <subfield code="p">RUA058908</subfield>
    <subfield code="r">2016-06-30</subfield>
    <subfield code="w">2016-06-30</subfield>
    <subfield code="y">AED</subfield>
  </datafield>
  <datafield tag="952" ind1=" " ind2=" ">
    <subfield code="0">0</subfield>
    <subfield code="1">0</subfield>
    <subfield code="2">ddc</subfield>
    <subfield code="4">0</subfield>
    <subfield code="6">AED_SOK_2014_000000000000000_B490_OR_3</subfield>
    <subfield code="7">0</subfield>
    <subfield code="9">47116</subfield>
    <subfield code="a">LBB</subfield>
    <subfield code="b">LBB</subfield>
    <subfield code="c">B490</subfield>
    <subfield code="d">2016-06-30</subfield>
    <subfield code="l">3</subfield>
    <subfield code="m">1</subfield>
    <subfield code="o">AED SOK 2014 B490 Or.3</subfield>
    <subfield code="p">RUA058904</subfield>
    <subfield code="r">2018-07-20</subfield>
    <subfield code="s">2018-04-24</subfield>
    <subfield code="w">2016-06-30</subfield>
    <subfield code="y">AED</subfield>
  </datafield>
  <datafield tag="952" ind1=" " ind2=" ">
    <subfield code="0">0</subfield>
    <subfield code="1">0</subfield>
    <subfield code="2">ddc</subfield>
    <subfield code="4">0</subfield>
    <subfield code="6">AED_SOK_2014_000000000000000_B490_OR_4</subfield>
    <subfield code="7">0</subfield>
    <subfield code="9">47117</subfield>
    <subfield code="a">LBB</subfield>
    <subfield code="b">LBB</subfield>
    <subfield code="c">B490</subfield>
    <subfield code="d">2016-06-30</subfield>
    <subfield code="o">AED SOK 2014 B490 Or.4</subfield>
    <subfield code="p">RUA058920</subfield>
    <subfield code="r">2016-06-30</subfield>
    <subfield code="w">2016-06-30</subfield>
    <subfield code="y">AED</subfield>
  </datafield>
  <datafield tag="952" ind1=" " ind2=" ">
    <subfield code="0">0</subfield>
    <subfield code="1">0</subfield>
    <subfield code="2">ddc</subfield>
    <subfield code="4">0</subfield>
    <subfield code="6">AED_SOK_2014_000000000000000_B490_OR_5</subfield>
    <subfield code="7">0</subfield>
    <subfield code="9">47118</subfield>
    <subfield code="a">LBB</subfield>
    <subfield code="b">LBB</subfield>
    <subfield code="c">B490</subfield>
    <subfield code="d">2016-06-30</subfield>
    <subfield code="o">AED SOK 2014 B490 Or.5</subfield>
    <subfield code="p">RUA058968</subfield>
    <subfield code="r">2016-06-30</subfield>
    <subfield code="w">2016-06-30</subfield>
    <subfield code="y">AED</subfield>
  </datafield>
  <datafield tag="952" ind1=" " ind2=" ">
    <subfield code="0">0</subfield>
    <subfield code="1">0</subfield>
    <subfield code="2">ddc</subfield>
    <subfield code="4">0</subfield>
    <subfield code="6">AED_SOK_2014_000000000000000_B490_OR_6</subfield>
    <subfield code="7">0</subfield>
    <subfield code="9">47119</subfield>
    <subfield code="a">LBB</subfield>
    <subfield code="b">LBB</subfield>
    <subfield code="c">B490</subfield>
    <subfield code="d">2016-06-30</subfield>
    <subfield code="o">AED SOK 2014 B490 Or.6</subfield>
    <subfield code="p">RUA057699</subfield>
    <subfield code="r">2016-06-30</subfield>
    <subfield code="w">2016-06-30</subfield>
    <subfield code="y">AED</subfield>
  </datafield>
  <datafield tag="952" ind1=" " ind2=" ">
    <subfield code="0">0</subfield>
    <subfield code="1">0</subfield>
    <subfield code="2">ddc</subfield>
    <subfield code="4">0</subfield>
    <subfield code="6">AED_SOK_2014_000000000000000_B490_OR_7</subfield>
    <subfield code="7">0</subfield>
    <subfield code="9">47120</subfield>
    <subfield code="a">LBB</subfield>
    <subfield code="b">LBB</subfield>
    <subfield code="c">B490</subfield>
    <subfield code="d">2016-06-30</subfield>
    <subfield code="l">1</subfield>
    <subfield code="o">AED SOK 2014 B490 Or.7</subfield>
    <subfield code="p">RUA057399</subfield>
    <subfield code="r">2018-07-11</subfield>
    <subfield code="s">2018-06-19</subfield>
    <subfield code="w">2016-06-30</subfield>
    <subfield code="y">AED</subfield>
  </datafield>
  <datafield tag="952" ind1=" " ind2=" ">
    <subfield code="0">0</subfield>
    <subfield code="1">0</subfield>
    <subfield code="2">ddc</subfield>
    <subfield code="4">0</subfield>
    <subfield code="6">AED_SOK_2014_000000000000000_B490_OR_8</subfield>
    <subfield code="7">0</subfield>
    <subfield code="9">47121</subfield>
    <subfield code="a">LBB</subfield>
    <subfield code="b">LBB</subfield>
    <subfield code="c">B490</subfield>
    <subfield code="d">2016-06-30</subfield>
    <subfield code="o">AED SOK 2014 B490 Or.8</subfield>
    <subfield code="p">RUA057425</subfield>
    <subfield code="r">2016-06-30</subfield>
    <subfield code="w">2016-06-30</subfield>
    <subfield code="y">AED</subfield>
  </datafield>
  <datafield tag="952" ind1=" " ind2=" ">
    <subfield code="0">0</subfield>
    <subfield code="1">0</subfield>
    <subfield code="2">ddc</subfield>
    <subfield code="4">0</subfield>
    <subfield code="6">AED_SOK_2014_000000000000000_B545_OR_1</subfield>
    <subfield code="7">0</subfield>
    <subfield code="9">87909</subfield>
    <subfield code="a">LBB</subfield>
    <subfield code="b">LBB</subfield>
    <subfield code="c">B545</subfield>
    <subfield code="d">2021-12-08</subfield>
    <subfield code="o">AED SOK 2014 B545 Or.1</subfield>
    <subfield code="p">A065670</subfield>
    <subfield code="r">2021-12-08</subfield>
    <subfield code="w">2021-12-08</subfield>
    <subfield code="y">AED</subfield>
  </datafield>
</record>
